| 000 | 00798nam a22001817a 4500 | ||
|---|---|---|---|
| 008 | 110802s1978 ua||||| |||| 00| 0 ara d | ||
| 082 |
_222 _a330.122 _bد و ب |
||
| 100 | 1 |
_926530 _aدوب ، مورس |
|
| 245 |
_aدراسات فى تطور الرأسمالية / _cمورس دوب ؛ تعريب رءوف عباس حامد |
||
| 260 |
_aالقاهرة : _bدار الكتاب الجامعى ، _c[1978]. |
||
| 300 |
_a494 ص ؛ _c24 سم. |
||
| 650 |
_913649 _aالرأسمالية |
||
| 650 |
_926533 _aالاقتصاد الحر |
||
| 653 |
_bGeneral _cAugust2011 |
||
| 700 |
_913381 _aحامد ، رءوف عباس _eتعريب |
||
| 942 |
_2ddc _cBB |
||
| 999 |
_c15775 _d15775 |
||